1260 1164 1755 1817 1323 1741 1124 1979 1170 1888 1871 1905 1724 1851 1994 1862 1289 1873 1123 1556 1611 1129 1493 1393 1163 1484 1822 1118 1853 1079 1595 1100 1967 1929 1664 1538 1783 1010 1776 1940 1684 1975 1811 1051 1062 1511 1071 1542 1585 1129 1957 1523 1335 1015 1936 1051 1378 1125 1119 1853 1307 1839 1975 1417 1852 1807 1214 1547 1863 1661 1517 1417 1739 1083 1719 1038 1299 1405 1258 1833 1369 1919 1970 1133 1028 1630 1507 1440 1590 1103 1459 1335 1019 1032 1563 1388 1504 1516 1772 BCNSPRNW ULIB Ver.6.0+V

เปลี่ยนเป็นภาษาไทย

Change to English
 แสดงรายละเอียดบรรณานุกรม
  กลับหน้าหลัก

Brief Record : Get Marc (ISO 2709) : E-mail record : QR code < ปิดหน้าต่าง
LEADER : 00000nam 2200000uu 4500
001    13399122358
003     ULIB
008    130222s2553||||th 000 0 tha d
099    วจ.WY18บ784ผ
100 0  เบญจมาศ นาคามดี, ชรินธร ว่องวีระยุทธ์ และอายุพร กัยวิกัยโกศล
245 00 ผลการเรียน ความคิดเห็น และความพึงพอใจของนักศึกษาพยาบาลต่อการเรียนการสอนที่เน้นผู้เรียนเป็นสำคัญ^cโดย
260    พิษณุโลกๅ:^bวิทยาลัยพยาบาลบรมราชชนนี พุทธชินราช,^c2553
300    55 หน้า
650  0 ความพึงพอใน^bนักศึกษาพยาบาล^xวิจัย
700 0  ชรินธร ว่องวีระยุทธ์
700 0  อายุพร กัยวิกัยโกศล
945    ^p0^l0^i033607
999    ^aเกษร โพธิ์สุวรรณ
รายการนี้ยังไม่มีแท็ก
คุณยังไม่ได้ล็อกอิน คุณสามารถมีกิจกรรมร่วมกับเว็บไซต์ได้ แต่ต้องล็อกอินก่อน ::
  ล็อกอิน

รายการสื่อสารสนเทศ

ลำดับที่ ประเภท เลขเรียก/บาร์โค้ด สถานที่ สถานะ
1. งานวิจัย
งานวิจัย
วจ.WY18บ784ผ  
  Barcode: 033607
ห้องสมุดวิทยาเขตสวรรค์ประชารักษ์
►วิจัย
บนชั้น

BibComment


ยังไม่เคยถูกคอมเมนท์

คอมเมนท์ทรัพยากรรายการนี้
  คอมเมนท์: ผลการเรียน ความคิ..


 Copyright 2026. Bcnsprnw @Library